At the edge of international relations : (Record no. 15750)

000 -LEADER
fixed length control field 01053nam a2200277 a 4500
001 - CONTROL NUMBER
control field ASIN0826447198
005 - DATE AND TIME OF LATEST TRANSACTION
control field 20170105102924.0
008 - FIXED-LENGTH DATA ELEMENTS--GENERAL INFORMATION
fixed length control field 131211s2000 xxu eng d
020 ## - INTERNATIONAL STANDARD BOOK NUMBER
International Standard Book Number 0826447198 (paperback)
Terms of availability $24.95
020 ## - INTERNATIONAL STANDARD BOOK NUMBER
International Standard Book Number 9780826447197 (paperback)
040 ## - CATALOGING SOURCE
Original cataloging agency 0
050 04 - LIBRARY OF CONGRESS CALL NUMBER
Classification number D887
082 04 - DEWEY DECIMAL CLASSIFICATION NUMBER
Classification number 327.09724
Author Mark ATT 1997
245 00 - TITLE STATEMENT
Title At the edge of international relations :
Remainder of title postcolonialism, gender & dependency /
Statement of responsibility, etc. Phillip Darby.
260 ## - PUBLICATION, DISTRIBUTION, ETC.
Place of publication, distribution, etc. [S.l.] :
Name of publisher, distributor, etc. Continuum International Publishing Group,
Date of publication, distribution, etc. 2000.
300 ## - PHYSICAL DESCRIPTION
Extent 256 p. ;
Dimensions 24 cm.
520 ## - SUMMARY, ETC.
Summary, etc. Examines the place and absence of the Third World inglobal discourses. It takes a wide canvas, extending from globalisation and dependency to gender and sexuality.
650 #0 - SUBJECT ADDED ENTRY--TOPICAL TERM
Topical term or geographic name entry element Afro-Asian politics
650 #0 - SUBJECT ADDED ENTRY--TOPICAL TERM
Topical term or geographic name entry element Developing countries
650 #0 - SUBJECT ADDED ENTRY--TOPICAL TERM
Topical term or geographic name entry element International relations
650 #0 - SUBJECT ADDED ENTRY--TOPICAL TERM
Topical term or geographic name entry element Postcolonialism
650 #0 - SUBJECT ADDED ENTRY--TOPICAL TERM
Topical term or geographic name entry element World politics
700 1# - ADDED ENTRY--PERSONAL NAME
Personal name Darby, Phillip.
856 40 - ELECTRONIC LOCATION AND ACCESS
Materials specified Amazon.com
Uniform Resource Identifier <a href="http://www.amazon.com/exec/obidos/ASIN/0826447198/chopaconline-20">http://www.amazon.com/exec/obidos/ASIN/0826447198/chopaconline-20</a>
942 ## - ADDED ENTRY ELEMENTS (KOHA)
Source of classification or shelving scheme
Koha item type Book
Holdings
Withdrawn status Lost status Damaged status Not for loan Collection code Permanent Location Current Location Shelving location Date acquired Total Checkouts Full call number Barcode Date last seen Price effective from Koha item type
          Centre for International Peace & Stability (CIPS) Centre for International Peace & Stability (CIPS) General Stacks 08/05/2013   327.09724 ATT 1997 CIPS0000504 12/11/2013 12/11/2013 Book
© 2023 Central Library, National University of Sciences and Technology. All Rights Reserved.